banner koha

Manual de orientacao. Administracao e economia rural (Registro n. 284677)

MARC details
000 -LÍDER
campo de controle de tamanho fixo 01039nac a22003257a 4500
001 - NÚMERO DE CONTROLE
campo de controle BR9300193
003 - IDENTIFICADOR DO NÚMERO DE CONTROLE
campo de controle BR-BrBNA
005 - DATA E HORÁRIO DA ÚLTIMA TRANSAÇÃO
campo de controle 20240105121329.0
008 - CAMPO DE DADOS FIXOS--INFORMAÇÃO GERAL
campo de controle de tamanho fixo 230509b bl.|||m| |||| 00| 0 por d
040 ## - FONTE DA CATALOGAÇÃO
Instituição da catalogação original BR-BrBNA
Idioma da catalogação por
Instituição que transcreveu o registro Biblioteca Nacional de Agricultura
072 ## - CÓDIGO DE CATEGORIA DE ASSUNTO
Código de Categoria de Assunto E20; E10
090 ## - NÚMERO DE CHAMADA LOCAL
Número de chamada E20 BR9300193
100 1# - ENTRADA PRINCIPAL--NOME PESSOAL
Nome pessoal Martins, F.C.
100 1# - ENTRADA PRINCIPAL--NOME PESSOAL
Nome pessoal Nunes, J.T.
100 1# - ENTRADA PRINCIPAL--NOME PESSOAL
Nome pessoal Santos, J.F. dos
100 1# - ENTRADA PRINCIPAL--NOME PESSOAL
Nome pessoal Araujo, J.M.S.
100 1# - ENTRADA PRINCIPAL--NOME PESSOAL
Nome pessoal Peluzio, L.E.
100 1# - ENTRADA PRINCIPAL--NOME PESSOAL
Nome pessoal Rodrigues, L.C.M.Moreira, M.A.
110 1# - ENTRADA PRINCIPAL--NOME CORPORATIVO
Nome corporativo ou nome da jurisdição Fundacao de Assistencia ao Estudante, Rio de Janeiro, RJ (Brasil)
9 (RLIN) 4843
245 1# - TÍTULO
Título Manual de orientacao. Administracao e economia rural
260 3# - PUBLICAÇÃO, DISTRIBUIÇÃO, ETC.
Local de publicação, distribuição, etc. Rio de Janeiro, RJ (Brasil):
Data da publicação, distribuição, etc. 1987.
300 ## - DESCRIÇÃO FÍSICA
Extensão 58 p.
490 ## - TÍTULO DA SÉRIE
Título da série Serie Ensino Agrotecnico - Fundacao de Assistencia ao Estudante (Brazil)
Número do volume ou designação sequencial da série no. 11
ISSN - International Standard Serial Number
500 ## - NOTA GERAL
Nota geral 36 ref.
650 ## - ASSUNTO--TERMO TÓPICO
Cabeçalho tópico ou nome geográfico Ensino Agricola
650 ## - ASSUNTO--TERMO TÓPICO
Cabeçalho tópico ou nome geográfico Administracao Rural
650 ## - ASSUNTO--TERMO TÓPICO
Cabeçalho tópico ou nome geográfico Economia Agricola
909 ## -
-- 202312
-- Lúcia Elande
-- 55
-- Lúcia Elande
942 ## - ELEMENTOS DE ENTRADA ADICIONADOS (KOHA)
Fonte da classificação ou esquema de arquivamento na estante Classificação AGRIS
Ocultar no OPAC Não
Tipo de material Koha Monografia Seriada
Exemplares
Situação do descarte Fonte da classificação ou esquema de arquivamento na estante Situação física Não pode ser emprestado Coleção Biblioteca de origem Biblioteca atual Localização na estante Total de empréstimos Número de telefone completo Código de barras Data de último acesso Tipo de material Koha Fonte de aquisição
  Classificação AGRIS       Biblioteca Nacional de Agricultura - Binagri Biblioteca Nacional de Agricultura - Binagri Agrobase - Acervo Geral   E20 BR9300193 E20 BR9300193 18/12/2023 Monografia Seriada Portaria Interministerial nº 164/94

BINAGRI

Telefone: (61)3218-2567/2388/3357/2097 - binagri@agro.gov.br

Ministério da Agricultura e Pecuária , Esplanada dos Ministérios, Bloco D, Anexo B, Brasília/DF, CEP: 70.043-900